01134 a2200181 45000010006000000050017000060080041000230030015000640400040000790800075001192450046001940200022002402500012002622640044002743000017003185050592003351000025009272236620260407155514.0260407a1987 arg spa dAR-UNSa-BCEJYS aAR-UNSa-BCEJYSbspacAR-UNSa-BCEJYS a342.1xEstado. Pueblo. Nación. Poder del estado (Derecho político)10aIntroducción a los estudios políticos a978-950-14-0087-8 a2a. ed. 1aBuenos Aires :bEdiciones Depalmac1987 a2 v.c23 cm. aVol. I: Teoría política: 1. Realidad política - 2. Conocimiento político - 3. Metodología del conocimiento político - 4. Los temas de la filosofía política - 5. Elementos sociales de la realidad política - 6. El estado, concepto, historia y elementos -- Vol. II: Formas y fuerzas políticas: 7. Poder y derecho - 8. Estado de derecho y situaciones anómalas - 9. Formas de gobierno y regímenes políticos - 10. Formas de estado - 11. Actividad estatal - 12. Factores de la actividad política - 13. Representación y participación - 14. Las fuerzas políticas1 aLópez, Mario Justo